000 00595nam a2200205Ia 4500
005 20250923145201.0
008 008 250917s9999 xx 000 0 eng d
037 _aTextual
040 _aDSWL
_beng
_cDSWL
041 _aeng
_2eng
084 _aX:97.2, N69
_qDSWL
100 _aTanic, Zivan
_9832633
245 0 _aWorkers Participation in Management
_cby Zivan Tanic
260 _aNew Delhi
_b S.R.C. for Industrial Relations
_c1969
300 _ax,162p.
365 _aINR
_b20.00
925 _g20.00
942 _cTEXL
_hX:97.2, N69
999 _c1448198
_d1448198